| 000 | 00737 a2200241 4500 | ||
|---|---|---|---|
| 001 | 200001128 | ||
| 999 |
_c200001128 _d28413 |
||
| 003 | TR-AnTOB | ||
| 005 | 20230818153751.0 | ||
| 008 | 100721s2005 ko 000 0 | ||
| 020 | _a9781932222616 | ||
| 040 | _aTR-AnTOB | ||
| 041 | _aeng | ||
| 050 | 1 | 4 |
_aPE _bSKI REA MALRE 2005 |
| 090 | _aPE SKI REA MALRE 2005 | ||
| 100 |
_aMalarcher, Casey _969063 |
||
| 245 | 0 |
_aReading Challenge 3 / _cCasey Malarcher,Andrea Janzen. |
|
| 264 | 1 |
_aKorea: _bCompass Publishing, _c2005 |
|
| 300 |
_a128 p. : _c26 cm. + 1 Cd-Rom _e+ 1 CD-ROM. |
||
| 650 | 7 |
_aİngiliz dili _xÇalışma ve öğretim _2etuturkob _917226 |
|
| 650 |
_aEnglish language _xRhetoric _vHandbooks, manuals, etc. _9746 |
||
| 700 |
_aJanzen, Andrea _969297 |
||
| 942 | _cMX | ||